[Event "25. Copenhagen Open  (Politiken Cup)"]
[Site "Copenhagen"]
[Date "2003.07.18"]
[Round "5"]
[White "Nilsson, Nils Specht"]
[Black "Pedersen, Rune Linnebo"]
[Result "1/2-1/2"]
[WhiteElo "2149"]
[BlackElo "1800"]
[PlyCount "136"]
[EventDate "2003.07.14"]
[EventType "swiss"]
[EventRounds "11"]
[EventCountry "DEN"]
[SourceDate "2004.01.01"]

1. e4 c5 2. Ne2 Nc6 3. d4 cxd4 4. Nxd4 g6 5. Be3 Nf6 6. Nc3 Bg7 7. Bc4 Qa5 8.
O-O O-O 9. Bb3 d6 10. f3 Bd7 11. Nd5 Rfe8 12. c3 Nxd5 13. Bxd5 Nxd4 14. Bxd4
Bxd4+ 15. Qxd4 Qc5 16. Qxc5 dxc5 17. Rf2 Rab8 18. Rd2 e6 19. Bb3 Bc6 20. Rad1
Kf8 21. Kf2 Ke7 22. Ke3 g5 23. h4 h6 24. e5 Rbd8 25. h5 Rxd2 26. Rxd2 Rd8 27.
Rxd8 Kxd8 28. Bc2 Ke7 29. Be4 Bxe4 30. Kxe4 Kd7 31. a4 b6 32. b4 cxb4 33. cxb4
Ke7 34. a5 bxa5 35. bxa5 a6 36. g4 f6 37. exf6+ Kxf6 38. Kd4 Kf7 39. Kc5 Ke7
40. Kc6 Ke8 41. Kd6 Kf7 42. Kd7 Kf6 43. Ke8 Ke5 44. Kf7 Kf4 45. Kg6 Kxf3 46.
Kxh6 e5 47. Kxg5 e4 48. h6 e3 49. h7 e2 50. h8=Q e1=Q 51. Qf6+ Kg3 52. Qf4+ Kh3
53. Qf3+ Kh2 54. Qd5 Qe7+ 55. Kg6 Qe8+ 56. Qf7 Qc6+ 57. Qf6 Qe4+ 58. Kg5 Kg3
59. Qd6+ Kh3 60. Qa3+ Kg2 61. Qb2+ Kg3 62. Qc3+ Kg2 63. Qc8 Kg3 64. Qc7+ Kh3
65. Qd7 Kg3 66. Qf5 Qe7+ 67. Kg6 Qe8+ 68. Kf6 Qf8+ 1/2-1/2

[Event "25. Copenhagen Open  (Politiken Cup)"]
[Site "Copenhagen"]
[Date "2003.07.18"]
[Round "5"]
[White "Nhr, Finn"]
[Black "Frisk, Hans"]
[Result "0-1"]
[WhiteElo "2136"]
[BlackElo "1980"]
[PlyCount "84"]
[EventDate "2003.07.14"]
[EventType "swiss"]
[EventRounds "11"]
[EventCountry "DEN"]
[SourceDate "2004.01.01"]

1. e4 e5 2. Nf3 Nc6 3. Bc4 Nf6 4. d3 Bc5 5. c3 d6 6. Nbd2 O-O 7. h3 a6 8. O-O
b5 9. Bb3 Bb7 10. Re1 h6 11. Nf1 Nh5 12. g4 Nf4 13. Bxf4 exf4 14. d4 Bb6 15.
Qd3 Qe7 16. Bc2 g6 17. N1d2 Rad8 18. Re2 Ne5 19. Nxe5 dxe5 20. Nf3 c5 21. d5 c4
22. Qd1 f6 23. Rd2 Rd6 24. Kh2 Rfd8 25. Qe2 g5 26. Rdd1 Qc7 27. a4 Qc5 28. axb5
axb5 29. Kg2 Kg7 30. b4 cxb3 31. Bxb3 Qxc3 32. Qxb5 R8d7 33. Rdc1 Qb2 34. Qd3
Qxf2+ 35. Kh1 Qg3 36. Qf1 Be3 37. Rc2 Ba6 38. Qg2 Qxg2+ 39. Kxg2 Bd3 40. Rc8
Bxe4 41. Raa8 Bxd5 42. Bxd5 Rxd5 0-1

[Event "25. Copenhagen Open  (Politiken Cup)"]
[Site "Copenhagen"]
[Date "2003.07.18"]
[Round "5"]
[White "Ottosen, Peder"]
[Black "Norton, Craig"]
[Result "0-1"]
[WhiteElo "1830"]
[BlackElo "2127"]
[PlyCount "60"]
[EventDate "2003.07.14"]
[EventType "swiss"]
[EventRounds "11"]
[EventCountry "DEN"]
[SourceDate "2004.01.01"]

1. d4 Nf6 2. Nf3 e6 3. Bg5 h6 4. Bh4 c5 5. c3 d5 6. e3 Nbd7 7. Nbd2 Qb6 8. Qc2
Bd6 9. Rd1 Qc7 10. dxc5 Bxc5 11. Bb5 O-O 12. O-O a6 13. Be2 Bd6 14. e4 b5 15.
exd5 Nxd5 16. Ne4 Bf4 17. Bg3 Bb7 18. Nd4 Bxg3 19. hxg3 Rac8 20. Rc1 Ne5 21.
Rfe1 Rfd8 22. Nf3 Nxf3+ 23. Bxf3 Nb4 24. cxb4 Qxc2 25. Rxc2 Rxc2 26. Nf6+ gxf6
27. Bxb7 Rxb2 28. a3 Rd6 29. Re3 Kg7 30. Rc3 Ra2 0-1

[Event "25. Copenhagen Open  (Politiken Cup)"]
[Site "Copenhagen"]
[Date "2003.07.18"]
[Round "5"]
[White "Pedersen, Audun"]
[Black "Marder, Simon"]
[Result "0-1"]
[WhiteElo "1536"]
[BlackElo "2067"]
[PlyCount "72"]
[EventDate "2003.07.14"]
[EventType "swiss"]
[EventRounds "11"]
[EventCountry "DEN"]
[SourceDate "2004.01.01"]

1. d4 e5 2. dxe5 Nc6 3. Nf3 f6 4. exf6 Nxf6 5. Bg5 h6 6. Bh4 g5 7. Bg3 Bc5 8.
e3 d6 9. Bd3 Qe7 10. Bg6+ Kf8 11. O-O Kg7 12. Bd3 Bg4 13. Nc3 Raf8 14. Be2 Bd7
15. Na4 Bb6 16. Nxb6 axb6 17. c4 Ne4 18. Nd4 Ne5 19. Qc2 Ng4 20. Bf3 Ngf6 21.
Rad1 h5 22. h4 Nxg3 23. fxg3 Qxe3+ 24. Kh1 Ng4 25. Rde1 Qxd4 26. Re7+ Kf6 27.
Re4 Ne3 28. Bxh5+ Bf5 29. Rxd4 Nxc2 30. Rd2 Ne3 31. Rf3 Rxh5 32. Rxe3 gxh4 33.
g4 Bxg4 34. Rf2+ Rf5 35. Rxf5+ Bxf5 36. Rf3 Ke5 0-1

[Event "25. Copenhagen Open  (Politiken Cup)"]
[Site "Copenhagen"]
[Date "2003.07.18"]
[Round "5"]
[White "Pedersen, Kaj Vinding"]
[Black "Trarup, Jorgen"]
[Result "1-0"]
[WhiteElo "1553"]
[BlackElo "1360"]
[PlyCount "109"]
[EventDate "2003.07.14"]
[EventType "swiss"]
[EventRounds "11"]
[EventCountry "DEN"]
[SourceDate "2004.01.01"]

1. d4 Nf6 2. Nf3 d6 3. g3 Bg4 4. Bg2 Bxf3 5. Bxf3 c6 6. O-O d5 7. c3 Qd7 8. Bg2
h5 9. h4 Qe6 10. Nd2 Nbd7 11. Nf3 Nh7 12. Re1 Ndf6 13. Qb3 Qc8 14. Bg5 Ne4 15.
Bf4 f6 16. Qc2 Rg8 17. Nh2 g5 18. hxg5 Nhxg5 19. Bxg5 Nxg5 20. e4 Qd7 21. Qe2
dxe4 22. Qxh5+ Kd8 23. Bxe4 Kc7 24. Bg2 Bg7 25. Qg4 e6 26. Qf4+ Kb6 27. Qe3 Kc7
28. f4 Nf7 29. Qxe6 Rad8 30. Qxd7+ Rxd7 31. Bh3 f5 32. Bxf5 Bxd4+ 33. Kg2 Bxc3
34. Bxd7 Bxe1 35. Rxe1 Kxd7 36. Nf3 c5 37. Ne5+ Nxe5 38. Rxe5 Kd6 39. Kf3 b5
40. g4 a5 41. g5 a4 42. Ke4 b4 43. Kd3 Rf8 44. Ke4 Rg8 45. Rd5+ Kc6 46. Rd1 Kb5
47. Rg1 c4 48. g6 a3 49. bxa3 b3 50. axb3 cxb3 51. f5 Ka4 52. f6 b2 53. f7 Rxg6
54. f8=Q Rxg1 55. Qb4# 1-0

[Event "25. Copenhagen Open  (Politiken Cup)"]
[Site "Copenhagen"]
[Date "2003.07.18"]
[Round "5"]
[White "Pedersen, Steen"]
[Black "Lilja, Richard"]
[Result "1-0"]
[WhiteElo "1865"]
[BlackElo "2137"]
[PlyCount "63"]
[EventDate "2003.07.14"]
[EventType "swiss"]
[EventRounds "11"]
[EventCountry "DEN"]
[SourceDate "2004.01.01"]

1. e4 c5 2. Nf3 d6 3. d4 cxd4 4. Nxd4 Nf6 5. Nc3 g6 6. Be3 Bg7 7. f3 O-O 8. Qd2
Nc6 9. O-O-O Be6 10. Nxe6 fxe6 11. g3 Qa5 12. Bh6 Ne8 13. Bxg7 Nxg7 14. f4 Rfd8
15. h4 d5 16. exd5 exd5 17. Kb1 Nf5 18. Bd3 Nxg3 19. Bxg6 hxg6 20. Qg2 d4 21.
Qxg3 Qf5 22. Nb5 Nb4 23. Qb3+ Nd5 24. h5 Qxf4 25. hxg6 Qe3 26. Rd3 Qe4 27. Rdh3
Kg7 28. Rh7+ Kf6 29. Rf7+ Kxg6 30. Rff1 Ne3 31. Qf7+ Kg5 32. Qh5# 1-0

[Event "25. Copenhagen Open  (Politiken Cup)"]
[Site "Copenhagen"]
[Date "2003.07.18"]
[Round "5"]
[White "Pedersen, Thomas"]
[Black "Petersen, Lars"]
[Result "1/2-1/2"]
[WhiteElo "1671"]
[BlackElo "2047"]
[PlyCount "143"]
[EventDate "2003.07.14"]
[EventType "swiss"]
[EventRounds "11"]
[EventCountry "DEN"]
[SourceDate "2004.01.01"]

1. e4 d5 2. exd5 Qxd5 3. Nc3 Qa5 4. d4 Nf6 5. Nf3 c6 6. Bc4 Bf5 7. Bd2 e6 8.
Qe2 Bb4 9. Ne5 Nbd7 10. Nxd7 Kxd7 11. a3 Rad8 12. O-O Bxc3 13. bxc3 Ne4 14. Bf4
Rhe8 15. Rab1 b6 16. Rb3 Ke7 17. Qf3 Kf8 18. Bd3 Nf6 19. Qxc6 Bxd3 20. cxd3 Qf5
21. Bd6+ Kg8 22. c4 Rc8 23. Qb7 Rcd8 24. c5 Rd7 25. Qc6 Qd5 26. Qxd5 Nxd5 27.
a4 Rc8 28. Ra1 f6 29. f4 Ne3 30. a5 bxa5 31. Rxa5 Nf5 32. Rb8 Nxd6 33. Rb4 Nf5
34. Raa4 Kf7 35. Kf2 Ne7 36. Kf3 Nd5 37. Rc4 Rc6 38. Ra5 Rb7 39. g3 Kg6 40.
Rca4 Rcc7 41. g4 Rb4 42. Rxb4 Nxb4 43. Ke4 Kf7 44. Ra3 Ke7 45. Ra4 Rb7 46. f5
Kd7 47. fxe6+ Kxe6 48. d5+ Nxd5 49. Ra6+ Nb6 50. d4 Ke7 51. cxb6 axb6 52. Kd5
Kd7 53. Ra8 Ke7 54. Rg8 Rd7+ 55. Kc4 Kd6 56. Ra8 Rc7+ 57. Kb5 Rc2 58. Rg8 Rb2+
59. Kc4 Rxh2 60. Rxg7 Rg2 61. Rxh7 Rxg4 62. Rb7 Kc6 63. Rb8 Rg1 64. d5+ Kc7 65.
Rf8 Rf1 66. Rf7+ Kd6 67. Rb7 Rc1+ 68. Kd4 Rd1+ 69. Kc4 Rxd5 70. Rxb6+ Ke5 71.
Rxf6 Kxf6 72. Kxd5 1/2-1/2

[Event "25. Copenhagen Open  (Politiken Cup)"]
[Site "Copenhagen"]
[Date "2003.07.18"]
[Round "5"]
[White "Pettersson, Daniel"]
[Black "Anders, Maik"]
[Result "1-0"]
[WhiteElo "1850"]
[BlackElo "1558"]
[PlyCount "67"]
[EventDate "2003.07.14"]
[EventType "swiss"]
[EventRounds "11"]
[EventCountry "DEN"]
[SourceDate "2004.01.01"]

1. d4 d5 2. Nf3 e6 3. c4 Be7 4. Nc3 Nf6 5. Bg5 h6 6. Bh4 O-O 7. e3 b6 8. Bd3
dxc4 9. Bxc4 Bb7 10. O-O Ne4 11. Bxe7 Qxe7 12. Rc1 Rd8 13. Qe2 c5 14. Nxe4 Bxe4
15. dxc5 bxc5 16. Nd2 Bd5 17. e4 Bxc4 18. Rxc4 Nd7 19. Rfc1 Rac8 20. Qe3 Rc7
21. b4 Rdc8 22. Nb3 Nb6 23. Rxc5 Qd7 24. h3 Rxc5 25. bxc5 Na8 26. Rc4 Qd1+ 27.
Kh2 Qb1 28. Qd2 f5 29. Qd7 Rf8 30. Qxe6+ Rf7 31. Rd4 Qb2 32. Rd8+ Kh7 33. Qxf7
Qxf2 34. exf5 1-0

[Event "25. Copenhagen Open  (Politiken Cup)"]
[Site "Copenhagen"]
[Date "2003.07.18"]
[Round "5"]
[White "Poulsen, Morten Kjaer"]
[Black "Forsmann, Henning"]
[Result "1-0"]
[WhiteElo "2079"]
[BlackElo "1575"]
[PlyCount "89"]
[EventDate "2003.07.14"]
[EventType "swiss"]
[EventRounds "11"]
[EventCountry "DEN"]
[SourceDate "2004.01.01"]

1. e4 c5 2. Nf3 Nc6 3. d4 cxd4 4. Nxd4 Nf6 5. Nc3 d6 6. f3 Nxd4 7. Qxd4 g6 8.
Be3 Bg7 9. Bc4 O-O 10. Qd2 a6 11. O-O-O b5 12. Bb3 Bb7 13. Kb1 Rc8 14. h4 h5
15. Bd4 e6 16. Be3 Ne8 17. Bh6 Qc7 18. Bxg7 Kxg7 19. g4 Rh8 20. gxh5 Rxh5 21.
Ne2 Qe7 22. Qd4+ Qf6 23. Ng3 Rhc5 24. Qe3 a5 25. a4 bxa4 26. Bxa4 Bc6 27. Bxc6
R8xc6 28. Rhg1 Kh7 29. c3 Rb5 30. Rd4 Rcb6 31. Rg2 Nc7 32. h5 g5 33. Rc4 Na6
34. e5 Qxe5 35. Ne4 f6 36. Qd3 Kh6 37. Nxd6 Qe1+ 38. Ka2 Rxb2+ 39. Rxb2 Rxb2+
40. Kxb2 Qf2+ 41. Ka3 f5 42. Nxf5+ Kxh5 43. Ne7 g4 44. Qg6+ Kh4 45. Qxg4# 1-0

[Event "25. Copenhagen Open  (Politiken Cup)"]
[Site "Copenhagen"]
[Date "2003.07.18"]
[Round "5"]
[White "Preuss, Flemming"]
[Black "Johansen, Anders Sten"]
[Result "1-0"]
[WhiteElo "2083"]
[BlackElo "1590"]
[PlyCount "71"]
[EventDate "2003.07.14"]
[EventType "swiss"]
[EventRounds "11"]
[EventCountry "DEN"]
[SourceDate "2004.01.01"]

1. e4 c5 2. Nf3 Nc6 3. d4 cxd4 4. Nxd4 Nf6 5. Nc3 d6 6. Bc4 e6 7. Be3 Be7 8.
Qe2 a6 9. O-O-O Qc7 10. Rhg1 O-O 11. g4 b5 12. Bb3 b4 13. Nxc6 Qxc6 14. Nd5
Nxd5 15. exd5 Qc7 16. f4 a5 17. Bd4 a4 18. Bc4 b3 19. axb3 axb3 20. Bxb3 Ba6
21. Qe3 Bc4 22. dxe6 fxe6 23. Rge1 Ra1+ 24. Kd2 Rxd1+ 25. Kxd1 Bxb3 26. cxb3 e5
27. fxe5 dxe5 28. Qxe5 Bd6 29. Qe6+ Kh8 30. h3 Bf4 31. Bc3 Rd8+ 32. Kc2 Rd2+
33. Kb1 h6 34. Qe8+ Kh7 35. Re7 Rd1+ 36. Ka2 1-0

[Event "25. Copenhagen Open  (Politiken Cup)"]
[Site "Copenhagen"]
[Date "2003.07.18"]
[Round "5"]
[White "Radovic, Slobodan"]
[Black "Vik Hansen, Rune"]
[Result "1/2-1/2"]
[WhiteElo "1391"]
[BlackElo "1787"]
[PlyCount "104"]
[EventDate "2003.07.14"]
[EventType "swiss"]
[EventRounds "11"]
[EventCountry "DEN"]
[SourceDate "2004.01.01"]

1. Nc3 c5 2. e4 Nc6 3. a3 g6 4. Bc4 Bg7 5. Nce2 Nf6 6. d3 d6 7. c3 O-O 8. h3 a6
9. f4 d5 10. exd5 Nxd5 11. Nf3 e5 12. O-O b5 13. Ba2 exf4 14. Nxf4 Nxf4 15.
Bxf4 Bf5 16. Ne1 Ra7 17. Qf3 Ne5 18. Bxe5 Bxe5 19. Rd1 Bc8 20. Qd5 Qe7 21. Nf3
Bb8 22. Rde1 Qc7 23. Qe5 Qb6 24. Qe3 Qd6 25. Bb1 Bb7 26. Qe5 Qb6 27. Qe3 Qc6
28. d4 cxd4 29. Qxd4 Ba8 30. Be4 Qc7 31. Bxa8 Rxa8 32. Qh4 Kg7 33. Re7 Qc5+ 34.
Qd4+ Qxd4+ 35. Nxd4 Kg8 36. g4 Ra7 37. Rfe1 h6 38. Kg2 Ra8 39. Rb7 Bd6 40. Rd7
Bc5 41. b4 Bxd4 42. cxd4 Rac8 43. Kf3 Rc3+ 44. Re3 Rfc8 45. Rde7 Kg7 46. Rxc3
Rxc3+ 47. Re3 Rc1 48. Ke4 Kf6 49. d5 Rc4+ 50. Kd3 Rc1 51. Kd2 Rc4 52. Kd3 Rc1
1/2-1/2

[Event "25. Copenhagen Open  (Politiken Cup)"]
[Site "Copenhagen"]
[Date "2003.07.18"]
[Round "5"]
[White "Rasmussen, Poul"]
[Black "Petersen, Nils"]
[Result "0-1"]
[WhiteElo "1498"]
[BlackElo "2009"]
[PlyCount "108"]
[EventDate "2003.07.14"]
[EventType "swiss"]
[EventRounds "11"]
[EventCountry "DEN"]
[SourceDate "2004.01.01"]

1. e4 c5 2. Nf3 Nc6 3. d4 cxd4 4. Nxd4 e5 5. Nb5 d6 6. N1c3 a6 7. Na3 Be6 8.
Nd5 Nf6 9. Bg5 Bxd5 10. exd5 Qa5+ 11. c3 Qxd5 12. Bxf6 Qxd1+ 13. Rxd1 gxf6 14.
Nc4 O-O-O 15. Nb6+ Kb8 16. Bc4 Ka7 17. Nd5 f5 18. Ne3 f4 19. Nf5 f6 20. f3 b5
21. Be2 d5 22. g3 fxg3 23. hxg3 h6 24. Rh5 Ne7 25. Nxe7 Bxe7 26. Kf2 Bc5+ 27.
Kg2 d4 28. cxd4 Rxd4 29. f4 Rxd1 30. Bxd1 Rd8 31. Bb3 Rd2+ 32. Kf3 Bd4 33. Rxh6
exf4 34. gxf4 Bxb2 35. Ke3 Rd6 36. Rh2 Bc1+ 37. Ke4 a5 38. f5 a4 39. Be6 Kb6
40. Rc2 Ba3 41. Rh2 Bc5 42. Bd5 Ba3 43. Rh3 Bb2 44. Rh2 Be5 45. Rc2 Rd7 46. a3
Rc7 47. Kd3 Rg7 48. Bg2 Rg3+ 49. Ke4 Rxa3 50. Kd5 Rd3+ 51. Ke4 Rd4+ 52. Ke3 b4
53. Rd2 Rg4 54. Kd3 b3 0-1

[Event "25. Copenhagen Open  (Politiken Cup)"]
[Site "Copenhagen"]
[Date "2003.07.18"]
[Round "5"]
[White "Rendboe, John Filip"]
[Black "Bjerke, Silje"]
[Result "1/2-1/2"]
[WhiteElo "2239"]
[BlackElo "2093"]
[PlyCount "48"]
[EventDate "2003.07.14"]
[EventType "swiss"]
[EventRounds "11"]
[EventCountry "DEN"]
[SourceDate "2004.01.01"]

1. d4 d5 2. c4 e6 3. Nc3 c6 4. cxd5 exd5 5. Qc2 Bd6 6. Nf3 Ne7 7. Bg5 f6 8. Bh4
Bf5 9. Qd2 Nd7 10. e3 O-O 11. Bg3 Qc7 12. Be2 Bg6 13. b4 a6 14. Na4 Nf5 15.
Bxd6 Nxd6 16. O-O Rfe8 17. Nc5 Nb6 18. a4 Nbc4 19. Qa2 Bh5 20. Rfe1 Kh8 21. a5
Bxf3 22. Bxf3 f5 23. Qc2 Qf7 24. Be2 Re7 1/2-1/2

[Event "25. Copenhagen Open  (Politiken Cup)"]
[Site "Copenhagen"]
[Date "2003.07.18"]
[Round "5"]
[White "Riis, Jens"]
[Black "Petersen, Peter Birk"]
[Result "1/2-1/2"]
[WhiteElo "2067"]
[BlackElo "2221"]
[PlyCount "80"]
[EventDate "2003.07.14"]
[EventType "swiss"]
[EventRounds "11"]
[EventCountry "DEN"]
[SourceDate "2004.01.01"]

1. Nf3 Nf6 2. d4 e6 3. Bf4 b6 4. e3 Bb7 5. Bd3 Be7 6. Nbd2 Nh5 7. Bg3 d6 8. Qe2
Nd7 9. O-O-O c5 10. Kb1 a6 11. c4 Nxg3 12. hxg3 g6 13. Rh6 Kf8 14. Rdh1 Kg7 15.
g4 cxd4 16. exd4 b5 17. cxb5 axb5 18. Bxb5 Nb6 19. R6h2 Nd5 20. Nb3 Qb6 21. a4
Nc7 22. Nfd2 Nxb5 23. Qxb5 Qxb5 24. axb5 Bd5 25. Rc1 Rhb8 26. Rch1 Rh8 27. Rc1
Bg5 28. Rc3 Rhb8 29. g3 Bxd2 30. Nxd2 Rxb5 31. b3 Ra4 32. Rd3 Rbb4 33. Kc2 Ra2+
34. Kb1 Ra7 35. Kb2 Rb6 36. f4 Rc7 37. Re2 Rbc6 38. Nb1 Rb6 39. Ree3 Ra7 40. g5
h6 1/2-1/2

[Event "25. Copenhagen Open  (Politiken Cup)"]
[Site "Copenhagen"]
[Date "2003.07.18"]
[Round "5"]
[White "Romsdal, Trond"]
[Black "Christensen, Jan N"]
[Result "1-0"]
[WhiteElo "2207"]
[BlackElo "2053"]
[PlyCount "121"]
[EventDate "2003.07.14"]
[EventType "swiss"]
[EventRounds "11"]
[EventCountry "DEN"]
[SourceDate "2004.01.01"]

1. d4 Nf6 2. c4 c5 3. Nf3 cxd4 4. Nxd4 e5 5. Nb5 d5 6. cxd5 Bc5 7. e3 O-O 8.
N5c3 e4 9. Be2 Re8 10. a3 Re5 11. b4 Bb6 12. Nd2 Qe7 13. Nc4 Rg5 14. g3 Bh3 15.
Nxb6 axb6 16. Qd4 Na6 17. Bb2 Rc8 18. Rd1 Rd8 19. d6 Qe6 20. Qxb6 Qc8 21. Rd4
Rf5 22. Nxe4 Nxe4 23. Rxe4 Rd5 24. Rc4 Qd7 25. Rd4 Qxd6 26. Qxd6 R5xd6 27. Bf3
b6 28. Ke2 Bd7 29. Rc1 Bb5+ 30. Kd2 f6 31. Be2 Bxe2 32. Kxe2 Kf7 33. Rcd1 Ke6
34. Rxd6+ Rxd6 35. Rxd6+ Kxd6 36. b5 Nc7 37. a4 Kc5 38. Bd4+ Kb4 39. Bxb6 Ne8
40. Bd4 Kxa4 41. b6 Nd6 42. Kd3 Kb5 43. e4 Kc6 44. f4 Nc8 45. e5 fxe5 46. fxe5
Nxb6 47. Bxb6 Kxb6 48. Kd4 Kc6 49. Kc4 Kd7 50. Kd5 Ke7 51. e6 Ke8 52. Kd6 Kd8
53. e7+ Ke8 54. Ke6 h6 55. Kd6 h5 56. h4 g6 57. Ke6 g5 58. hxg5 h4 59. g6 hxg3
60. g7 g2 61. g8=Q# 1-0

[Event "25. Copenhagen Open  (Politiken Cup)"]
[Site "Copenhagen"]
[Date "2003.07.18"]
[Round "5"]
[White "Rosenkilde, Alexander"]
[Black "Malmdin, Nils Ake"]
[Result "1/2-1/2"]
[WhiteElo "1699"]
[BlackElo "2190"]
[PlyCount "86"]
[EventDate "2003.07.14"]
[EventType "swiss"]
[EventRounds "11"]
[EventCountry "DEN"]
[SourceDate "2004.01.01"]

1. d4 Nf6 2. c4 e6 3. Nf3 c5 4. e3 b6 5. Nc3 Bb7 6. Be2 d6 7. O-O Be7 8. b3 O-O
9. Bb2 Nbd7 10. Qc2 cxd4 11. Nxd4 Rc8 12. Rac1 a6 13. Rfd1 Qc7 14. Bf3 d5 15.
cxd5 Ne5 16. Be2 Neg4 17. Nf3 exd5 18. h3 Nxf2 19. Kxf2 Ne4+ 20. Kg1 Bb4 21.
Nd2 Nxc3 22. Bxc3 Qxc3 23. Qxc3 Bxc3 24. Bg4 f5 25. Nb1 d4 26. Be2 b5 27. Nxc3
dxc3 28. Rd3 c2 29. Rd2 Be4 30. Bf3 Rfd8 31. Rxd8+ Rxd8 32. Kf2 Bd3 33. Be2 Be4
34. Bf3 Bxf3 35. Kxf3 Rd2 36. g3 h6 37. e4 Rd3+ 38. Kf4 fxe4 39. Rxc2 e3 40.
Re2 Rd2 41. Kxe3 Rd6 42. Kf3 Kf7 43. Rc2 Kf6 1/2-1/2

[Event "25. Copenhagen Open  (Politiken Cup)"]
[Site "Copenhagen"]
[Date "2003.07.18"]
[Round "5"]
[White "Royset, Paal"]
[Black "Jakobsen, Hans Endrup"]
[Result "1/2-1/2"]
[WhiteElo "2252"]
[BlackElo "1918"]
[PlyCount "114"]
[EventDate "2003.07.14"]
[EventType "swiss"]
[EventRounds "11"]
[EventCountry "DEN"]
[SourceDate "2004.01.01"]

1. e4 c5 2. c3 d5 3. exd5 Qxd5 4. d4 Nf6 5. Nf3 Bg4 6. Be2 e6 7. h3 Bh5 8. O-O
Nc6 9. Be3 cxd4 10. cxd4 Be7 11. Nc3 Qd6 12. Nb5 Qb8 13. Qb3 O-O 14. Rac1 Rd8
15. g4 a6 16. Na3 Bg6 17. Nc4 Nd5 18. Nb6 Nxb6 19. Qxb6 Rd7 20. a3 Qd8 21. Qb3
Bf6 22. Rfd1 Be4 23. Nd2 Bd5 24. Qc3 e5 25. dxe5 Bxe5 26. Qc5 Qh4 27. Bf1 h5
28. Ne4 Bxe4 29. Rxd7 hxg4 30. Rc4 gxh3 31. Rxe4 h2+ 32. Kh1 Qxe4+ 33. Bg2 Qb1+
34. Qc1 Qxc1+ 35. Bxc1 Rc8 36. f4 Rc7 37. Rxc7 Bxc7 38. Kxh2 g5 39. Kh3 gxf4
40. Be4 Kg7 41. Kg4 Kf6 42. Bxf4 Bxf4 43. Kxf4 Ke6 44. b4 Kd6 45. Kf5 b6 46.
Kf6 Nd8 47. Bd3 a5 48. bxa5 bxa5 49. Bc4 Kc5 50. Bf1 Kd4 51. Ke7 Nb7 52. Kxf7
Kc3 53. Ke6 Kb3 54. Kd5 Kxa3 55. Kc4 Kb2 56. Kb5 Kb3 57. Bg2 a4 1/2-1/2

[Event "25. Copenhagen Open  (Politiken Cup)"]
[Site "Copenhagen"]
[Date "2003.07.18"]
[Round "5"]
[White "Sandbech, Ted"]
[Black "Edvardsen, Ingar"]
[Result "0-1"]
[WhiteElo "1660"]
[BlackElo "1156"]
[PlyCount "108"]
[EventDate "2003.07.14"]
[EventType "swiss"]
[EventRounds "11"]
[EventCountry "DEN"]
[SourceDate "2004.01.01"]

1. Nf3 f5 2. d4 Nf6 3. c4 g6 4. Nc3 Bg7 5. e3 d6 6. Bd3 O-O 7. O-O Nc6 8. a3 e5
9. dxe5 dxe5 10. e4 f4 11. Qc2 h6 12. Rd1 Qe7 13. Nd5 Nxd5 14. cxd5 Nd4 15.
Nxd4 exd4 16. f3 g5 17. Bd2 Qe5 18. Rac1 Qf6 19. Qxc7 g4 20. Be2 d3 21. Bc3 Qg6
22. Rxd3 Bxc3 23. Qxc3 g3 24. h3 Bd7 25. Bf1 Rac8 26. Qd2 Qb6+ 27. Kh1 Rxc1 28.
Qxc1 Rc8 29. Rc3 Rxc3 30. bxc3 Qf2 31. Bc4 b5 32. Bd3 Bxh3 33. Qf1 Qb2 34. Be2
Bd7 35. e5 Qxc3 36. Qb1 Qxe5 37. Qg6+ Qg7 38. Qxg7+ Kxg7 39. Kg1 Kf6 40. Bd3
Ke5 41. Be4 Kd4 42. Kf1 Kc3 43. Ke2 Kb3 44. Kd3 Kxa3 45. Kd4 Kb4 46. Ke5 Kc5
47. Kxf4 a5 48. Kxg3 a4 49. Kh4 a3 50. Bb1 b4 51. Ba2 Kd4 52. Kh5 Kc3 53. Kxh6
b3 54. Bb1 a2 0-1

[Event "25. Copenhagen Open  (Politiken Cup)"]
[Site "Copenhagen"]
[Date "2003.07.18"]
[Round "5"]
[White "Sander, Rolf"]
[Black "Liden, Jimmy"]
[Result "1/2-1/2"]
[WhiteElo "2060"]
[BlackElo "1530"]
[PlyCount "86"]
[EventDate "2003.07.14"]
[EventType "swiss"]
[EventRounds "11"]
[EventCountry "DEN"]
[SourceDate "2004.01.01"]

1. e4 c5 2. Nf3 e6 3. d4 cxd4 4. Nxd4 Nc6 5. Nc3 Nf6 6. Ndb5 a6 7. Nd6+ Bxd6 8.
Qxd6 Qe7 9. Bf4 O-O 10. O-O-O b5 11. Qxe7 Nxe7 12. Bd6 Re8 13. f3 Bb7 14. a4
bxa4 15. Nxa4 Nc8 16. Ba3 Bc6 17. Nc5 Bb5 18. e5 Nh5 19. Nxd7 Nf4 20. Kb1 Kh8
21. c4 Ba4 22. Rd4 Rd8 23. Rxf4 Rxd7 24. Be2 Kg8 25. c5 Bc6 26. Rd1 Rxd1+ 27.
Bxd1 Ne7 28. Ba4 Rd8 29. Bxc6 Nxc6 30. Ra4 a5 31. b4 axb4 32. Bxb4 Rb8 33. Kc2
Nxb4+ 34. Kc3 Nd5+ 35. Kc4 Rc8 36. Ra6 g6 37. c6 Kf8 38. Kc5 Ke7 39. Ra7+ Rc7
40. Ra8 Nf4 41. Rb8 Nd5 42. Kb5 Nc3+ 43. Kb6 Nd5+ 1/2-1/2

[Event "25. Copenhagen Open  (Politiken Cup)"]
[Site "Copenhagen"]
[Date "2003.07.18"]
[Round "5"]
[White "Schandorff, Lars"]
[Black "Gullaksen, Eirik T"]
[Result "1/2-1/2"]
[WhiteElo "2525"]
[BlackElo "2359"]
[PlyCount "51"]
[EventDate "2003.07.14"]
[EventType "swiss"]
[EventRounds "11"]
[EventCountry "DEN"]
[SourceDate "2004.01.01"]

1. d4 Nf6 2. Nf3 g6 3. c4 Bg7 4. g3 O-O 5. Bg2 d6 6. Nc3 c6 7. O-O Qb6 8. b3
Qa5 9. Qd2 Qh5 10. Qg5 Qxg5 11. Bxg5 h6 12. Bc1 Bf5 13. Bb2 Ne4 14. Nd1 g5 15.
Ne3 Bh7 16. Rfd1 Nd7 17. Rac1 a5 18. Ne1 Rfc8 19. Nd3 h5 20. f3 Nef6 21. f4 Bh6
22. f5 g4 23. Nf4 e5 24. fxe6 fxe6 25. Rc3 Re8 26. Nf1 1/2-1/2

[Event "25. Copenhagen Open  (Politiken Cup)"]
[Site "Copenhagen"]
[Date "2003.07.18"]
[Round "5"]
[White "Schmied, Andreas"]
[Black "Helin, Mikael"]
[Result "1/2-1/2"]
[WhiteElo "2124"]
[BlackElo "1971"]
[PlyCount "26"]
[EventDate "2003.07.14"]
[EventType "swiss"]
[EventRounds "11"]
[EventCountry "DEN"]
[SourceDate "2004.01.01"]

1. Nf3 c5 2. g3 Nc6 3. d4 cxd4 4. Nxd4 a6 5. Bg2 e6 6. O-O Nf6 7. c4 Ne5 8. b3
h5 9. Bb2 Ng6 10. h4 Qc7 11. Nd2 Ng4 12. N4f3 f5 13. Qc2 Be7 1/2-1/2

[Event "25. Copenhagen Open  (Politiken Cup)"]
[Site "Copenhagen"]
[Date "2003.07.18"]
[Round "5"]
[White "Skaanning Pedersen, Kim Henrik"]
[Black "Houska, Jovanka"]
[Result "0-1"]
[WhiteElo "2187"]
[BlackElo "2350"]
[PlyCount "86"]
[EventDate "2003.07.14"]
[EventType "swiss"]
[EventRounds "11"]
[EventCountry "DEN"]
[SourceDate "2004.01.01"]

1. e4 c6 2. d4 d5 3. Nc3 dxe4 4. Nxe4 Bf5 5. Ng3 Bg6 6. h4 h6 7. Bc4 e6 8. N1e2
Nf6 9. Nf4 Bh7 10. Nfh5 Nbd7 11. c3 Nxh5 12. Nxh5 Nf6 13. Bf4 Nxh5 14. Qxh5 Bd6
15. Bxd6 Qxd6 16. Qe5 Qxe5+ 17. dxe5 O-O-O 18. Rd1 b5 19. Be2 a5 20. Bh5 f6 21.
Bg4 Rxd1+ 22. Kxd1 Kd7 23. Re1 Rf8 24. exf6 Rxf6 25. Ke2 Be4 26. g3 Bd5 27. Ke3
a4 28. a3 Kd6 29. f4 Rg6 30. Be2 Rxg3+ 31. Kf2 Rg2+ 32. Ke3 Kc5 33. Rd1 g6 34.
Re1 h5 35. Rd1 Kd6 36. Re1 Ke7 37. Rf1 Rxe2+ 38. Kxe2 Bc4+ 39. Ke1 Bxf1 40.
Kxf1 Kf6 41. Kf2 Kf5 42. Kf3 e5 43. fxe5 Kxe5 0-1